13 Kolonii - Nagła Śmierć - Statystyki

Ogólne statystyki
  • Ten quiz został rozwiązany 138 razy
  • Średni wynik to 4 z 13
Answers on the Grid
Answers color-coded by a green-red scale on the quiz's grid according to % correct below.
Alabama
Connecticut
Delaware
Florida
Georgia
Indiana
Louisiana
Maine
Maryland
Massachusetts
Mississippi
Missouri
New Hampshire
New Jersey
New York
North Carolina
Ohio
Pennsylvania
Rhode Island
South Carolina
Tennessee
Vermont
Virginia
West Virginia
 
Statystyki odpowiedzi
Odpowiedź % Poprawnych
New York
59%
Connecticut
37%
Delaware
37%
Maryland
37%
Massachusetts
33%
Rhode Island
33%
Georgia
30%
New Hampshire
30%
New Jersey
30%
Pennsylvania
30%
North Carolina
26%
South Carolina
26%
Virginia
19%
Nie znaleziono quizów pasujących do podanych kryteriów
Rozkład punktacji
Procent ludzi z każdym wynikiem
Percentyl według liczby udzielonych odpowiedzi
Twoja historia wyników
Nie rozwiązałeś tego quizu